[Event "Druzynowe Mistrzostwa Polski Juniorow 2019 - II Liga"]
[Site "Szczyrk"]
[Date "1899-12-30"]
[Round "5.19"]
[White "Mazurek, Bartosz"]
[Black "Swiech, Lukasz"]
[Result "1-0"]
[WhiteTitle "I"]
[BlackTitle "II"]
[WhiteElo "1857"]
[BlackElo "1625"]

1. d4 d5 2. c4 c6 3. cxd5 cxd5 4. Nc3 Nc6 5. e4 e6 6. exd5 exd5 7. Bb5 Nf6 8. Bg5
Be7 9. Nge2 O-O 10. O-O Ne4 11. Bxe7 Nxe7 12. Bd3 Nf6 13. Qb3 Nc6 14. h3 Qa5 15.
a3 Bd7 16. Qa2 Be6 17. Rfd1 Rfd8 18. b4 Qc7 19. Qb2 Qe7 20. Rac1 a6 21. Na4 Nd7
22. Rc2 Qg5 23. Qc1 Qf6 24. Nc5 Nxc5 25. Rxc5 Bf5 26. Qf4 Bxd3 27. Rxd3 Qd6 28.
Qc1 Re8 29. Nf4 Re4 30. Nxd5 Rae8 31. Ne3 Rxd4 32. Nf5 Qxc5 33. bxc5 Rxd3 34.
Qg5 g6 35. Nh6+ Kg7 36. Ng4 Re6 37. Qc1 Nd4 38. Kh2 Rb3 39. Qd1 Re4 40. f3 Rf4
41. Qa1 f6 42. Qe1 Nc6 43. Qd1 Nd4 44. Qe1 Nc6 45. Qe8 Rd4 46. Qc8 Nd8 47. Qc7+
Nf7 48. Qe7 Rf4 49. Nf2 Rf5 50. Ne4 Re3 51. Qxb7 Kf8 52. Qxa6 Kg7 53. Qb7 Rxe4
54. Qxe4 Rxc5 55. a4 Ne5 56. Qb4 Rc2 57. Qb7+ Kh6 58. a5 Nc6 59. a6 Rc3 60. a7
Nxa7 61. Qxa7 Rc6 62. Qe3+ Kg7 63. Qe7+ Kh6 64. Kg3 Ra6 65. f4 Rc6 66. Kh4 Rc8
67. g4 1-0

[Event "Druzynowe Mistrzostwa Polski Juniorow 2019 - II Liga"]
[Site "Szczyrk"]
[Date "1899-12-30"]
[Round "5.20"]
[White "Owoc, Jakub"]
[Black "Kebel, Bartosz"]
[Result "1/2-1/2"]
[WhiteTitle "II"]
[BlackTitle "II"]
[WhiteElo "1614"]
[BlackElo "1463"]

1. d4 Nf6 2. Nf3 d5 3. Bf4 e6 4. e3 Nbd7 5. Nbd2 Be7 6. Be2 O-O 7. O-O b6 8. c4
Bb7 9. Qc2 c5 10. Rac1 Rc8 11. b3 Re8 12. h3 Bf8 13. Ne5 cxd4 14. exd4 Nxe5 15.
Bxe5 Bd6 16. f4 dxc4 17. bxc4 Bxe5 18. dxe5 Nd5 19. Ne4 Ne3 20. Qc3 Nxc4 21. Rfd1
Qh4 22. Qf3 Nxe5 23. Nf6+ Qxf6 24. Qxb7 Rxc1 25. Rxc1 Qxf4 26. Rc8 Kf8 27. Rxe8+
Kxe8 28. Qb8+ Ke7 29. Qxa7+ Nd7 30. Qa3+ Qd6 31. Qb2 Qe5 32. Qd2 Nf6 33. Kh1 Qa1+
34. Kh2 Nd5 35. Bf3 Qe5+ 36. Kh1 Ne3 37. Qb4+ Qd6 38. Qh4+ Kd7 39. Qxh7 Nf5 40.
Qg8 Ng3+ 41. Kg1 Qc5+ 42. Kh2 1/2-1/2

[Event "Druzynowe Mistrzostwa Polski Juniorow 2019 - II Liga"]
[Site "Szczyrk"]
[Date "1899-12-30"]
[Round "5.21"]
[White "Sleczka, Krzysztof"]
[Black "Krupinski, Mikolaj"]
[Result "0-1"]
[WhiteTitle "II"]
[BlackTitle "II"]
[WhiteElo "1191"]
[BlackElo "1510"]

1. e4 c5 2. Nf3 Nc6 3. d4 cxd4 4. Nxd4 Nf6 5. Nc3 d6 6. Bc4 Qb6 7. Nb3 e6 8. Bg5
Be7 9. Qd2 Bd7 10. O-O-O a6 11. f3 h6 12. Bh4 Na5 13. Nxa5 Qxa5 14. Bb3 Bc6 15.
g4 b5 16. Rhe1 b4 17. Bxf6 gxf6 18. Ne2 Qb6 19. Nd4 a5 20. Nxc6 Qxc6 21. Qe2 a4
22. Bc4 Ra5 23. Kb1 Rc5 24. Rd4 Kd7 25. Red1 Rc8 26. b3 Bf8 27. f4 Ke7 28. Rxd6
Qxd6 29. Rxd6 Kxd6 30. Qd2+ Kc7 31. Qxb4 axb3 32. axb3 Rb8 33. Qa4 Bd6 34. f5
Re5 35. Bd3 Bb4 36. Kb2 Ra5 0-1

[Event "Druzynowe Mistrzostwa Polski Juniorow 2019 - II Liga"]
[Site "Szczyrk"]
[Date "1899-12-30"]
[Round "5.22"]
[White "Wiszniewski, Szymon"]
[Black "Uhryn, Mateusz"]
[Result "1-0"]
[WhiteTitle "II+"]
[BlackTitle "II"]
[WhiteElo "1473"]
[BlackElo "1321"]

1. e4 c5 2. Nf3 g6 3. d4 cxd4 4. Qxd4 Nf6 5. e5 Nc6 6. Qc3 e6 7. a3 Nd5 8. Qb3
Bg7 9. c4 Nb6 10. Bf4 Qc7 11. Qe3 Na5 12. b3 Qc6 13. Nd4 Qc7 14. Nb5 Qc6 15. Nd6+
Ke7 16. Nd2 h6 17. N2e4 Rb8 18. Bg5+ Kf8 19. Qf3 f5 20. exf6 hxg5 21. fxg7+ Kxg7
22. Qf6+ Kh7 23. Nxg5+ Kh6 24. Ndf7+ Kh5 25. Be2+ Kh4 26. g3# 1-0

[Event "Druzynowe Mistrzostwa Polski Juniorow 2019 - II Liga"]
[Site "Szczyrk"]
[Date "1899-12-30"]
[Round "5.23"]
[White "Skiba, Aleksandra"]
[Black "Surpeta, Julia"]
[Result "0-1"]
[WhiteTitle "I++"]
[BlackTitle "I++"]
[WhiteElo "1795"]
[BlackElo "1564"]

1. e4 c5 2. Nf3 d6 3. d4 cxd4 4. Nxd4 Nf6 5. Nc3 Nc6 6. Be2 e6 7. Bg5 a6 8. f4
Be7 9. Qd2 h6 10. Bh4 Qc7 11. Bf2 Bd7 12. O-O-O b5 13. Bf3 Rb8 14. e5 dxe5 15.
Nxc6 Bxc6 16. fxe5 Nd7 17. Bxc6 Qxc6 18. Qe2 b4 19. Ne4 Nxe5 20. Bg3 Rb5 21. Kb1
O-O 22. Rhe1 Nc4 23. Nd2 Nxb2 24. Kxb2 Qc3+ 25. Kc1 b3 26. Nc4 bxa2 27. Be5 Rb1#
0-1

[Event "Druzynowe Mistrzostwa Polski Juniorow 2019 - II Liga"]
[Site "Szczyrk"]
[Date "1899-12-30"]
[Round "5.24"]
[White "Bar, Klaudia"]
[Black "Luniewska, Daria"]
[Result "1/2-1/2"]
[WhiteTitle "I"]
[BlackTitle "II+"]
[WhiteElo "1512"]
[BlackElo "1335"]

1. e4 c5 2. Nf3 Nc6 3. d4 cxd4 4. Nxd4 g6 5. c4 Bg7 6. Be3 Nf6 7. Nc3 O-O 8. Be2
d6 9. O-O Bd7 10. Qd2 b6 11. Rac1 Rc8 12. Rfd1 Nxd4 13. Bxd4 Bc6 14. f3 Qc7 15.
b3 Rfd8 16. Be3 Nd7 17. Nd5 Bxd5 18. cxd5 Qb7 19. Bb5 Rxc1 20. Rxc1 Rc8 21. Kf2
Rxc1 22. Qxc1 Ne5 23. Kg1 h5 24. h3 a6 25. Bc6 Qc7 26. f4 Nd3 27. Qc4 Nc5 28.
Bxc5 dxc5 29. e5 Bh6 30. g3 Qc8 31. Kg2 g5 32. Qe4 gxf4 33. gxf4 b5 34. f5 Qf8
35. f6 exf6 36. exf6 Kh8 37. Qe8 Kg8 38. d6 Bg5 39. Qe7 Qc8 40. Bb7 Qe6 41. Bc6
Bxf6 42. Qxe6 fxe6 43. Be8 h4 44. Kf3 Kf8 45. d7 Bd8 46. Ke4 Ke7 47. Kd3 Kd6 48.
Ke4 a5 49. a4 b4 50. Ke3 Kd5 51. Kd3 Bb6 52. Bf7 Kd6 53. Ke4 e5 54. Be8 Bc7 55.
Kd3 Bb6 56. Ke4 Bd8 57. Kd3 Bf6 58. Ke4 Bd8 59. Kd3 Bb6 60. Ke4 c4 61. bxc4 Kc5
62. Bf7 b3 63. Kd3 b2 64. Kc2 b1=Q+ 65. Kxb1 Kb4 66. Kc2 e4 67. Kd2 e3+ 68. Ke2
Kxa4 69. c5 Bd8 70. c6 Kb5 71. Bd5 Bb6 72. Kd3 a4 73. c7 Bxc7 74. Kxe3 Kc5 75.
Ba2 Kd6 76. Kd4 1/2-1/2

[Event "Druzynowe Mistrzostwa Polski Juniorow 2019 - II Liga"]
[Site "Szczyrk"]
[Date "1899-12-30"]
[Round "5.25"]
[White "Gorkiewicz, Mateusz"]
[Black "Lichorad, Mateusz"]
[Result "1-0"]
[WhiteTitle "I"]
[BlackTitle "I"]
[WhiteElo "1985"]
[BlackElo "1801"]

1. e4 c5 2. Nf3 e6 3. d4 cxd4 4. Nxd4 Nc6 5. Nc3 Qc7 6. Be3 a6 7. Bd3 Nf6 8. O-O
Ne5 9. h3 Bc5 10. Kh1 d6 11. f4 Ng6 12. Qe1 O-O 13. f5 Ne5 14. Qh4 b5 15. Rf3
Nxf3 16. gxf3 Kh8 17. Rg1 Rg8 18. Nce2 e5 19. Bg5 Ne8 20. Rg4 g6 21. Nc3 f6 22.
Bxf6+ Nxf6 23. Qxf6+ Qg7 24. Qxg7+ Rxg7 25. Nb3 gxf5 26. exf5 Bb7 27. Be4 Bxe4
28. Nxe4 Rf7 29. Nbxc5 dxc5 30. f6 Rg8 31. Kg2 h5 32. Rxg8+ Kxg8 33. Kg3 Kf8 34.
Kh4 Rd7 35. Kxh5 c4 36. Kg6 b4 37. b3 cxb3 38. cxb3 a5 39. h4 Rd1 40. Ng5 1-0

[Event "Druzynowe Mistrzostwa Polski Juniorow 2019 - II Liga"]
[Site "Szczyrk"]
[Date "1899-12-30"]
[Round "5.26"]
[White "Kupiecki, Szymon"]
[Black "Lambrecht, Tomasz"]
[Result "1-0"]
[WhiteTitle "I"]
[BlackTitle "II+"]
[WhiteElo "1573"]
[BlackElo "1601"]

1. e4 c6 2. d4 d5 3. exd5 cxd5 4. Bd3 Nc6 5. c3 Nf6 6. Bf4 Bg4 7. Qb3 Qd7 8. Nd2
e6 9. Ngf3 Bxf3 10. Nxf3 Bd6 11. Bxd6 Qxd6 12. O-O Rb8 13. a4 O-O 14. Nd2 Qf4
15. Qd1 a6 16. g3 Qc7 17. Nb3 e5 18. dxe5 Nxe5 19. Nd4 Nc4 20. Bxc4 Qxc4 21. Re1
b5 22. axb5 axb5 23. Nc2 Qb3 24. Qc1 Ra8 25. Nd4 Qc4 26. Qe3 b4 27. Rxa8 Rxa8
28. cxb4 Qxb4 29. Nc6 Qxb2 30. Ne7+ Kf8 31. Nxd5 Qa3 32. Nxf6 gxf6 33. Qh6+ Kg8
34. Qxf6 Qa5 35. Re5 Qa6 36. Re8+ 1-0

[Event "Druzynowe Mistrzostwa Polski Juniorow 2019 - II Liga"]
[Site "Szczyrk"]
[Date "1899-12-30"]
[Round "5.27"]
[White "Kolodziejski, Piotr"]
[Black "Krawczyk, Flawian"]
[Result "1-0"]
[WhiteTitle "I"]
[BlackTitle "I"]
[WhiteElo "1666"]
[BlackElo "1848"]

1. e4 c5 2. Ne2 d6 3. g3 Nc6 4. c3 g6 5. Bg2 Bg7 6. d4 cxd4 7. cxd4 e6 8. Be3 Nge7
9. Nbc3 Qa5 10. O-O O-O 11. Qd2 Rd8 12. a3 d5 13. b4 Qc7 14. e5 Bd7 15. Bg5 Rdb8
16. b5 Nxe5 17. dxe5 Nc8 18. Rac1 Qa5 19. Bf6 Bxb5 20. Bxg7 Kxg7 21. Qf4 Bc4 22.
Rfe1 Qxa3 23. Nd4 Qe7 24. Ncb5 a6 25. Nd6 Nxd6 26. exd6 Qf6 27. Qxf6+ Kxf6 28.
Bf1 Bxf1 29. Kxf1 Rd8 30. Rc7 e5 31. Nf3 e4 32. Nd4 Rxd6 33. Rxb7 Rc8 34. Ke2
Rc4 35. Rd1 Ra4 36. Ke3 Ra3+ 37. Rb3 Rxb3+ 38. Nxb3 Ke5 39. Nd4 Rb6 40. Ra1 h6
41. Ra3 f5 42. f4+ Kd6 43. Ra5 h5 44. h4 Kc7 45. Rxd5 Rd6 46. Rc5+ Kb6 47. Re5
a5 48. Rb5+ Ka6 49. Rb8 Ka7 50. Rf8 Kb7 51. Nxf5 gxf5 52. Rxf5 Ra6 53. Rxh5 a4
54. Kxe4 a3 55. Rb5+ Kc7 56. Rb1 a2 57. Ra1 Kd7 58. g4 Ke7 59. Kf5 Kf7 60. Kg5
Kg7 61. f5 Kf7 62. Kf4 Ra4+ 63. Kg5 Ra6 64. h5 Kg7 65. Kf4 Ra4+ 66. Ke5 Ra5+ 67.
Ke6 Ra6+ 68. Kd5 Ra5+ 69. Ke4 Ra4+ 70. Ke5 Ra5+ 71. Kf4 Ra4+ 72. Kg5 Ra6 73. f6+
Kf7 74. Kh6 Rxf6+ 75. Kh7 Ra6 76. g5 Kf8 77. g6 Ra7+ 78. Kh8 Ra5 79. g7+ Ke7 80.
g8=Q 1-0

[Event "Druzynowe Mistrzostwa Polski Juniorow 2019 - II Liga"]
[Site "Szczyrk"]
[Date "1899-12-30"]
[Round "5.28"]
[White "Chmiel, Pawel"]
[Black "Musin, Pawel"]
[Result "1/2-1/2"]
[WhiteTitle "II"]
[BlackTitle "II"]
[WhiteElo "1367"]
[BlackElo "1181"]

1. e4 e5 2. Nf3 Nc6 3. Bc4 Bc5 4. c3 Nf6 5. d3 d6 6. O-O a6 7. h3 h6 8. Re1 O-O
9. d4 exd4 10. cxd4 Ba7 11. Nc3 Ne7 12. e5 dxe5 13. dxe5 Qxd1 14. Rxd1 Nh7 15.
Nd5 Nxd5 16. Bxd5 c6 17. Bb3 Bf5 18. Nh4 Be6 19. Bxe6 fxe6 20. Nf3 Rad8 21. Bd2
Rd5 22. Bb4 Rfd8 23. Bd6 Nf8 24. Rxd5 cxd5 25. Rc1 Bb8 26. Bxb8 Rxb8 27. Rc7 Ng6
28. h4 Nf4 29. Nd4 Re8 30. Rxb7 Nd3 31. Rb6 Nxe5 32. Nxe6 Nc4 33. Rxa6 Nxb2 34.
Rd6 Nc4 35. Rd8 Rxd8 36. Nxd8 Kf8 37. Kf1 Ke7 38. Nc6+ Kd6 39. Nd4 Ke5 40. Nf3+
Kf4 41. Ke2 Nb2 42. Kd2 Ke4 43. Ne1 Kd4 44. Nc2+ Ke4 45. Ne3 d4 46. f3+ Kf4 47.
Nd1 Na4 48. Kd3 Ke5 49. g3 g5 50. hxg5 hxg5 51. Nf2 Nc3 52. a3 Na4 53. Ne4 g4
54. f4+ Kd5 55. Nf6+ Kc5 56. Nxg4 Nb2+ 57. Kc2 Nc4 58. a4 Na3+ 59. Kd3 Nc4 60.
Kc2 Nd6 61. Ne5 Nf5 62. g4 Ne3+ 63. Kd3 Kd5 64. Nf3 Nxg4 65. Nxd4 Nf2+ 66. Ke3
Nd1+ 67. Kd2 Nb2 68. Nf3 Nxa4 69. Ke3 Ke6 70. Nd4+ Kf6 71. Kf3 Nc3 72. Kg4 Nd5
73. f5 Ne3+ 1/2-1/2

[Event "Druzynowe Mistrzostwa Polski Juniorow 2019 - II Liga"]
[Site "Szczyrk"]
[Date "1899-12-30"]
[Round "5.29"]
[White "Karlyk, Maria"]
[Black "Kulpa, Zuzanna"]
[Result "1/2-1/2"]
[WhiteTitle "I"]
[BlackTitle "I++"]
[WhiteElo "1703"]
[BlackElo "1802"]

1. e4 c5 2. Nf3 d6 3. d4 cxd4 4. Nxd4 Nf6 5. Nc3 a6 6. Bd3 g6 7. O-O Bg7 8. h3
O-O 9. Be3 Nc6 10. Nde2 Ne5 11. f4 Nxd3 12. cxd3 e6 13. Ng3 d5 14. Bc5 Re8 15.
e5 Nd7 16. Bd4 b5 17. a3 Bb7 18. Qd2 Rc8 19. Qf2 Qe7 20. b4 f6 21. Qe3 g5 22.
exf6 Bxf6 23. Bxf6 Qxf6 24. Nce2 gxf4 25. Nxf4 Qe5 26. Qf3 Kh8 27. Kh2 Qg5 28.
Rae1 e5 29. Nxd5 Rf8 30. Qe3 Qg7 31. Nb6 1/2-1/2

[Event "Druzynowe Mistrzostwa Polski Juniorow 2019 - II Liga"]
[Site "Szczyrk"]
[Date "1899-12-30"]
[Round "5.30"]
[White "Kulpa, Karolina"]
[Black "Krzyston, Katarzyna"]
[Result "1/2-1/2"]
[WhiteTitle "I"]
[BlackTitle "II"]
[WhiteElo "1273"]
[BlackElo "1000"]

1. e4 e5 2. Nf3 Nc6 3. Bb5 a6 4. Ba4 Be7 5. O-O Nf6 6. Re1 b5 7. Bb3 O-O 8. c3
d6 9. d4 Bg4 10. d5 Na5 11. Bc2 c6 12. dxc6 Nxc6 13. Nbd2 Rc8 14. Nf1 h6 15. h3
Be6 16. Ng3 Re8 17. Be3 Bf8 18. Qd2 Ne7 19. Rad1 Ng6 20. a3 Rc6 21. Qc1 Re7 22.
Rd2 Rd7 23. Red1 Be7 24. Qa1 Nh7 25. Qb1 Bg5 26. Nxg5 Nxg5 27. Kh2 Nh7 28. Nf5
Nf6 29. Ng3 Bc4 30. Nf5 Be6 31. Ng3 Bc4 32. Qa1 Be6 33. Qb1 Bc4 34. Nf5 Be6 1/2-1/2

[Event "Druzynowe Mistrzostwa Polski Juniorow 2019 - II Liga"]
[Site "Szczyrk"]
[Date "1899-12-30"]
[Round "5.31"]
[White "Hrymowicz, Artur"]
[Black "Majocha, Piotr"]
[Result "1/2-1/2"]
[WhiteTitle "I++"]
[BlackTitle "I++"]
[WhiteElo "2052"]
[BlackElo "2005"]

1. e4 e6 2. d4 d5 3. Nd2 Nf6 4. e5 Nfd7 5. c3 c5 6. Bd3 b6 7. Ne2 Ba6 8. Bxa6 Nxa6
9. Nf4 g6 10. O-O Be7 11. Qg4 cxd4 12. cxd4 Rc8 13. Nf3 Nb4 14. h4 h5 15. Qg3
Nf8 16. Bd2 Rc4 17. Bc3 a5 18. Rfc1 Qc7 19. a3 Na6 20. Bd2 b5 21. Nd3 a4 22. Bg5
Bxg5 23. Qxg5 Qe7 24. Qe3 Nd7 25. Nd2 Rxc1+ 26. Rxc1 O-O 27. Nf3 Kg7 28. Rc6 Ndb8
29. Rc2 Qb7 30. Qc1 b4 31. axb4 Nxb4 32. Nxb4 Qxb4 33. Qd2 Qxd2 34. Nxd2 Na6 35.
Rc6 Nb4 36. Rb6 Nc2 37. Nf3 a3 38. bxa3 Nxa3 39. Rb7 Nc4 40. Kf1 Kg8 41. Ke2 f6
42. Re7 fxe5 43. dxe5 Rf5 44. Rxe6 Kf7 45. Ng5+ Kg7 46. Re7+ Kf8 47. Rd7 Rxe5+
48. Kd1 Rf5 49. Ke2 Re5+ 50. Kd1 Rf5 51. Ke2 1/2-1/2

[Event "Druzynowe Mistrzostwa Polski Juniorow 2019 - II Liga"]
[Site "Szczyrk"]
[Date "1899-12-30"]
[Round "5.32"]
[White "Szydelko, Michal"]
[Black "Strepikowski, Pawel"]
[Result "1-0"]
[WhiteTitle "I"]
[BlackTitle "I"]
[WhiteElo "1843"]
[BlackElo "1639"]

1. e4 Nc6 2. Nf3 d6 3. d4 Nf6 4. Bd3 g6 5. h3 Bg7 6. O-O O-O 7. c3 e5 8. Re1 Nd7
9. Bc2 h6 10. Be3 f5 11. exf5 gxf5 12. dxe5 dxe5 13. Na3 a6 14. Nc4 Qf6 15. Qd5+
Kh8 16. Rad1 e4 17. Bd4 Nxd4 18. Nxd4 Ne5 19. Nxe5 Qxe5 20. Qxe5 Bxe5 21. Bb3
c5 22. Nc2 Bc7 23. Ne3 b5 24. Nd5 Bd8 25. Nf4 Kg7 26. Be6 Bg5 27. Bd5 Ra7 28.
Ne6+ Bxe6 29. Bxe6 Kf6 30. Bd5 Rd8 31. b3 Rad7 32. c4 Bf4 33. Kf1 Be5 34. g4 fxg4
35. hxg4 Kg5 36. Rxe4 Bd4 37. Kg2 Rf8 38. f3 Rd6 39. Rh1 Rdf6 40. Rh5+ Kg6 41.
Re7 bxc4 42. Be4+ Rf5 43. Rxf5 1-0

[Event "Druzynowe Mistrzostwa Polski Juniorow 2019 - II Liga"]
[Site "Szczyrk"]
[Date "1899-12-30"]
[Round "5.33"]
[White "Taranowicz, Michal"]
[Black "Bochenek, Ryszard"]
[Result "1-0"]
[WhiteTitle "I"]
[BlackTitle "II"]
[WhiteElo "1630"]
[BlackElo "1362"]

1. e4 e6 2. Nf3 d5 3. Nc3 dxe4 4. Nxe4 Nd7 5. d4 Be7 6. Bd3 Ngf6 7. O-O O-O 8.
Qe2 b6 9. c4 Bb7 10. Bd2 c5 11. Bc3 Rc8 12. Rad1 Qc7 13. Neg5 Rce8 14. Ne5 Bd6
15. Nxd7 Qxd7 16. dxc5 bxc5 17. Bxf6 gxf6 18. Qh5 1-0

[Event "Druzynowe Mistrzostwa Polski Juniorow 2019 - II Liga"]
[Site "Szczyrk"]
[Date "1899-12-30"]
[Round "5.34"]
[White "Szuber, Dawid"]
[Black "Kitewski, Bartosz"]
[Result "0-1"]
[WhiteTitle "II"]
[BlackTitle "II"]
[WhiteElo "1340"]
[BlackElo "1447"]

1. e4 e6 2. d4 d5 3. Nd2 Nf6 4. e5 Nfd7 5. Bd3 c5 6. c3 Nc6 7. Ne2 cxd4 8. cxd4
f6 9. exf6 Nxf6 10. Nf3 Bd6 11. O-O O-O 12. Bf4 Bxf4 13. Nxf4 Qd6 14. Ne2 Bd7
15. Rc1 e5 16. dxe5 Nxe5 17. Nxe5 Qxe5 18. b3 Ng4 19. Ng3 Kh8 20. Qe2 Qd4 21.
Rcd1 Qb6 22. h3 Rae8 23. Qd2 Ne5 24. Be2 Bc6 25. Qd4 Qa5 26. Qd2 Qa3 27. Kh2 Qd6
28. Kg1 Ng6 29. Bh5 Re6 30. Bxg6 Rxg6 31. a4 h5 32. Nxh5 d4 33. g4 Qd5 34. f3
Qxh5 35. Qxd4 Qxh3 36. Rd2 Bxf3 37. Rh2 Rh6 38. Rxh3 Rxh3 39. Rxf3 Rfxf3 40. Qxa7
Rxb3 41. Qb8+ Kh7 42. Qf8 Rhf3 43. Qb8 Kh6 44. g5+ Kxg5 45. Qe5+ Kh6 46. Qh2+
Kg6 47. Qc2+ Kh6 48. Qd2+ g5 49. Qd6+ Kh5 50. Qh2+ Kg4 51. Qe2 Rbe3 52. Qc4+ Rf4
53. Qc8+ Kg3 54. Qc1 Ref3 55. Qe1+ Kh3 56. Qe6+ Rg4+ 57. Qxg4+ Kxg4 0-1

[Event "Druzynowe Mistrzostwa Polski Juniorow 2019 - II Liga"]
[Site "Szczyrk"]
[Date "1899-12-30"]
[Round "5.35"]
[White "Bohdanowicz, Nikola"]
[Black "Wasala, Wiktoria"]
[Result "1-0"]
[WhiteTitle "I"]
[BlackTitle "I"]
[WhiteElo "1266"]
[BlackElo "1515"]

1. d4 c5 2. d5 e5 3. e4 d6 4. c4 Be7 5. Nc3 Nf6 6. Nf3 Nbd7 7. Be2 O-O 8. O-O Nb6
9. Be3 Bd7 10. Nd2 Rc8 11. f4 exf4 12. Bxf4 Ne8 13. Nf3 Bg4 14. Bd3 Bf6 15. Qc2
Bxf3 16. Rxf3 Be5 17. Bxe5 dxe5 18. Raf1 Nf6 19. Qf2 Nh5 20. Rxf7 Nf4 21. Rxf8+
Qxf8 22. Qe3 Qd6 23. Ne2 Nxd3 24. Qxd3 Rf8 25. Rxf8+ Kxf8 26. b3 Nd7 27. Ng3 g6
28. Qe3 Kg7 29. Qg5 Kh8 30. h4 Qf6 31. Qg4 Qf7 32. h5 b6 33. hxg6 hxg6 34. Qh4+
Kg7 35. Qg5 Kh7 36. Nf1 Nf6 37. Qxe5 Ng4 38. Qg3 Nf6 39. e5 Nh5 40. Qh4 Kg7 41.
e6 Qe8 42. Qe4 Nf6 43. Qe5 1-0

[Event "Druzynowe Mistrzostwa Polski Juniorow 2019 - II Liga"]
[Site "Szczyrk"]
[Date "1899-12-30"]
[Round "5.37"]
[White "Zabron, Maksym"]
[Black "Twardowski, Hubert"]
[Result "1-0"]
[WhiteTitle "I+"]
[BlackTitle "I"]
[WhiteElo "1739"]
[BlackElo "1830"]

1. d4 Nf6 2. Bg5 d5 3. Bxf6 exf6 4. e3 Be7 5. g3 Be6 6. Bg2 c6 7. Ne2 g5 8. h4
h5 9. Nbc3 Nd7 10. Qd3 Qa5 11. O-O-O Nb6 12. Kb1 Nc4 13. Nc1 b5 14. Nb3 Qb6 15.
e4 dxe4 16. Bxe4 Rd8 17. hxg5 fxg5 18. Qe2 g4 19. Rde1 Kd7 20. d5 cxd5 21. Bxd5
Kc7 22. Bxe6 fxe6 23. Qxe6 Qxe6 24. Rxe6 Bg5 25. Nxb5+ Kb8 26. c3 Nd2+ 27. Nxd2
Rxd2 28. Re5 Bf6 29. Rexh5 Rxh5 30. Rxh5 Rxf2 31. Rh6 Rf3 32. Rg6 Be5 33. Rxg4
Rxg3 34. Re4 Rg5 35. Kc2 Kb7 36. Kb3 Bf6 37. Na3 Rg2 38. Nc4 Rf2 39. a4 Bg5 40.
Ka3 Rf4 41. Rxf4 Bxf4 42. b4 Kc6 43. Kb3 Bc7 44. Na3 Bd8 45. Nc2 Bf6 46. Kc4 a6
47. Nd4+ Kb6 48. Kd5 Be7 49. Ne2 Bf8 50. Nf4 Bh6 51. Nd3 Bf8 52. c4 Be7 53. c5+
Kb7 54. b5 axb5 55. axb5 Bd8 56. Ne5 Bh4 57. Nc4 Bf2 58. Kd6 Bg3+ 59. Kd7 Bf4
60. c6+ 1-0

[Event "Druzynowe Mistrzostwa Polski Juniorow 2019 - II Liga"]
[Site "Szczyrk"]
[Date "1899-12-30"]
[Round "5.38"]
[White "Sulima, Franciszek"]
[Black "Kozubek, Krystian"]
[Result "0-1"]
[WhiteTitle "II"]
[BlackTitle "II+"]
[WhiteElo "1357"]
[BlackElo "1443"]

1. e4 c6 2. d4 d5 3. Nc3 dxe4 4. Nxe4 Bf5 5. Ng3 Bg6 6. Nf3 e6 7. Bd3 Bxd3 8. Qxd3
Nd7 9. c4 Ngf6 10. O-O Qc7 11. Re1 Be7 12. Bd2 O-O 13. Rac1 Qd6 14. Qb3 b6 15.
Rcd1 Rad8 16. Bc3 Rfe8 17. a3 Qc7 18. Ne5 c5 19. d5 exd5 20. cxd5 Bd6 21. Nc6
Rc8 22. Nf5 Ra8 23. Rxe8+ Nxe8 24. Nce7+ Kf8 25. Re1 Bxh2+ 26. Kh1 Bd6 27. Qd1
Ndf6 28. Nxd6 Qxd6 29. Qe2 Rd8 30. Nf5 Qd7 31. Bxf6 Nxf6 32. d6 Re8 33. Qe7+ Rxe7
34. dxe7+ Kg8 35. Nd6 Ne8 36. Nc4 f6 37. Kh2 Kf7 38. f4 Qd4 39. Ne3 Qxf4+ 40.
Kg1 Qd4 41. Kf1 Qxb2 42. Nc4 Qb5 43. Rc1 Nd6 44. a4 Qa6 0-1

[Event "Druzynowe Mistrzostwa Polski Juniorow 2019 - II Liga"]
[Site "Szczyrk"]
[Date "1899-12-30"]
[Round "5.39"]
[White "Gradalski, Olaf"]
[Black "Trzebinski, Patryk"]
[Result "1/2-1/2"]
[WhiteTitle "II"]
[BlackTitle "I"]
[WhiteElo "1442"]
[BlackElo "1679"]

1. e4 d5 2. exd5 Nf6 3. d4 Nxd5 4. c4 Nb6 5. Nf3 Bg4 6. c5 N6d7 7. Bc4 e6 8. h3
Bxf3 9. Qxf3 Nc6 10. Be3 Qf6 11. Qxf6 Nxf6 12. Nc3 O-O-O 13. O-O-O Be7 14. a3
Na5 15. Ba2 Nd5 16. Nxd5 exd5 17. b4 Nc4 18. Bxc4 dxc4 19. b5 Bf6 20. Kc2 Rd5
21. Rd2 Rhd8 22. Rhd1 b6 23. a4 Be7 24. Kc3 bxc5 25. dxc5 Rxd2 26. Rxd2 Rxd2 27.
Kxd2 Bf6 28. c6 Kb8 29. Bc5 g6 30. Ke3 Bc3 31. Bd4 Bb4 32. Ke2 Ka8 1/2-1/2

[Event "Druzynowe Mistrzostwa Polski Juniorow 2019 - II Liga"]
[Site "Szczyrk"]
[Date "1899-12-30"]
[Round "5.40"]
[White "Malinowski, Szymon"]
[Black "Kuczmik, Pawel"]
[Result "1-0"]
[WhiteTitle "I"]
[BlackTitle "II"]
[WhiteElo "1657"]
[BlackElo "1159"]

1. d4 d5 2. Nf3 c6 3. e3 Nf6 4. Bd3 Bg4 5. Nbd2 e6 6. a3 Bd6 7. b3 Nbd7 8. Bb2
e5 9. dxe5 Nxe5 10. Be2 Nxf3+ 11. Nxf3 Qa5+ 12. Nd2 Bxe2 13. Qxe2 O-O 14. O-O
Rfe8 15. Bxf6 gxf6 16. Qg4+ Kh8 17. Nf3 Qc7 18. Qf5 Be5 19. Rad1 Qe7 20. c4 Qe6
21. Qh5 dxc4 22. bxc4 Qxc4 23. Rd7 Rf8 24. Nxe5 fxe5 25. Qxe5+ Kg8 26. Rfd1 b6
27. h3 Rfe8 28. Qg5+ Kf8 29. Qh6+ Kg8 30. R1d4 Qc1+ 31. Kh2 Qxa3 32. Rg4+ Kh8
33. Qg7# 1-0

[Event "Druzynowe Mistrzostwa Polski Juniorow 2019 - II Liga"]
[Site "Szczyrk"]
[Date "1899-12-30"]
[Round "5.41"]
[White "Gredka, Dominika"]
[Black "Filipska, Maja"]
[Result "1-0"]
[WhiteTitle "I++"]
[BlackTitle "I++"]
[WhiteElo "1658"]
[BlackElo "1602"]

1. e4 d5 2. exd5 Nf6 3. d4 Nxd5 4. c4 Nb6 5. Nf3 Bg4 6. c5 N6d7 7. Qb3 Qc8 8. Bb5
c6 9. Bc4 e6 10. O-O Be7 11. Bf4 Bxf3 12. Qxf3 Nf6 13. Nc3 O-O 14. Rad1 Nbd7 15.
Rfe1 Rd8 16. Qh3 Nf8 17. Qf3 b6 18. b4 Rd7 19. a4 a5 20. b5 bxc5 21. bxc6 Rxd4
22. Rxd4 cxd4 23. Nb5 Ng6 24. Bg3 Bb4 25. Rd1 e5 26. c7 Ra6 27. Qb3 Nd7 28. Bxf7+
Kh8 29. Be6 Bd6 30. Bxd7 Qxd7 31. Nxd6 Qxc7 32. Nf7+ Kg8 33. Nxe5+ 1-0

[Event "Druzynowe Mistrzostwa Polski Juniorow 2019 - II Liga"]
[Site "Szczyrk"]
[Date "1899-12-30"]
[Round "5.42"]
[White "Skolska, Emilia"]
[Black "Jureczko, Anna"]
[Result "1-0"]
[WhiteTitle "I"]
[BlackTitle "II+"]
[WhiteElo "1359"]
[BlackElo "1187"]

1. e4 e5 2. Nf3 Nc6 3. d4 exd4 4. Bc4 Bc5 5. O-O d6 6. c3 Bg4 7. h3 Bh5 8. g4 Bg6
9. cxd4 Bb6 10. Re1 Nge7 11. Nc3 O-O 12. Bb3 Re8 13. Bf4 h6 14. Rc1 Bh7 15. Bg3
Kh8 16. Bxf7 Rf8 17. Bb3 Ng8 18. Nd5 Nf6 19. Nxb6 axb6 20. e5 dxe5 21. dxe5 Ne4
22. Kg2 Qe8 23. Qe2 Ra5 24. e6 Qe7 25. Rcd1 Rd8 26. Bc2 Nxg3 27. Kxg3 Bxc2 28.
Qxc2 Rxa2 29. Nh4 Kg8 30. Nf5 Qe8 31. e7 Rxd1 32. Qxd1 Rxb2 33. Qa1 1-0

[Event "Druzynowe Mistrzostwa Polski Juniorow 2019 - II Liga"]
[Site "Szczyrk"]
[Date "1899-12-30"]
[Round "5.43"]
[White "Wnek, Filip"]
[Black "Lewandowski, Wiktor"]
[Result "1-0"]
[WhiteTitle "I++"]
[BlackTitle "II+"]
[WhiteElo "1749"]
[BlackElo "1749"]

1. e4 c5 2. Nf3 e6 3. d4 cxd4 4. Nxd4 Nf6 5. Nc3 Nc6 6. Ndb5 Bb4 7. a3 Bxc3+ 8.
Nxc3 d5 9. exd5 exd5 10. Bd3 O-O 11. O-O d4 12. Ne4 Bf5 13. Bg5 Bxe4 14. Bxe4
Re8 15. Bf3 h6 16. Bh4 Ne5 17. Re1 Qb6 18. Bxf6 Qxf6 19. Bxb7 Rad8 20. Be4 Nc4
21. b3 Nd6 22. Bd3 Nb7 23. Qh5 Nd6 24. h3 Re7 25. Rxe7 Qxe7 26. Qc5 Nc8 27. Qxe7
Nxe7 28. Re1 Kf8 29. Bc4 Nd5 30. Bxd5 Rxd5 31. Kf1 Rc5 32. Re2 Rc3 33. Rd2 d3
34. Rxd3 Rxc2 35. Re3 Rb2 36. g4 g6 37. Kg2 g5 38. Kg3 f6 39. f4 Kf7 40. fxg5
hxg5 41. Kf3 Rd2 42. Rc3 Ke6 43. Ke3 Rd6 44. Ke4 Rb6 45. Kd4 Kd6 46. b4 Ra6 47.
Rf3 Kd7 48. Ke4 Ke6 49. Kd4 Kd7 50. Kc5 Kc7 51. b5 Re6 52. a4 Rd6 53. Re3 Rd1
54. Re7+ Kb8 55. Rf7 Ra1 56. Kb4 Rf1 57. a5 Rb1+ 58. Kc5 Rc1+ 59. Kd6 Rf1 60.
Ke6 Rf3 61. Rxf6 Rxh3 62. Rf5 Ra3 63. a6 Kc7 64. Rxg5 Rb3 65. Re5 Kb6 66. g5 Rg3
67. Kf7 Rf3+ 68. Kg7 Kc7 69. Re7+ Kb6 70. Rb7+ Ka5 71. g6 Rf5 72. Kg8 Rf1 73.
g7 Rf2 74. Rb8 Rg2 75. Kf7 Rf2+ 76. Ke6 1-0

[Event "Druzynowe Mistrzostwa Polski Juniorow 2019 - II Liga"]
[Site "Szczyrk"]
[Date "1899-12-30"]
[Round "5.44"]
[White "Kejna, Piotr"]
[Black "Budkiewicz, Magdalena"]
[Result "1-0"]
[WhiteTitle "CM"]
[BlackTitle "I++"]
[WhiteElo "1726"]
[BlackElo "1623"]

1. e4 c5 2. Nf3 e6 3. d4 cxd4 4. Nxd4 a6 5. f4 d6 6. Nc3 Nf6 7. Be3 Nbd7 8. Be2
Be7 9. Qd2 Qc7 10. g4 Nb6 11. g5 Nfd7 12. h4 Nc4 13. Bxc4 Qxc4 14. f5 Ne5 15.
O-O-O b5 16. Nb3 a5 17. f6 gxf6 18. gxf6 Bf8 19. Bc5 Nf3 20. Qe3 a4 21. Bxd6 axb3
22. axb3 Ra1+ 23. Nb1 Qc6 24. Bxf8 Rxf8 25. Qxf3 Bd7 26. Rhg1 b4 27. Qf4 Ra6 28.
Qb8+ 1-0